| 000 | 01226nam a2200277Ia 4500 | ||
|---|---|---|---|
| 003 | OSt | ||
| 005 | 20220923211141.0 | ||
| 006 | a|||||r|||| 00| 0 | ||
| 007 | ta | ||
| 008 | 220922b |||||||| |||| 00| 0 hin d | ||
| 020 |
_a818611159X (hbk) _c225 |
||
| 024 | _a261,311 | ||
| 037 |
_b231, 29/09/2011, Eastern Book Linkers _cTextual |
||
| 040 |
_aARTS _cARTS _bhin |
||
| 041 |
_2hin _ahin |
||
| 082 | _aO15,3:gN, 152P8 | ||
| 100 |
_aकुलश्रेष्ठ, रूचि _9158775 |
||
| 245 | 0 | _aबीसवीं शताब्दी का संस्कृत लघुकथा - साहित्य | |
| 246 | _aBīsavīan shatābdī kā sanskṛut laghukathā - sāhitya | ||
| 260 |
_aनई दिल्ली _b राष्ट्रीय संस्कृत संस्थान _c2008 |
||
| 300 |
_a349पृ. _ccm. |
||
| 490 | _aभारत स्वातन्त्रय स्वर्ण - जयन्ती ग्रन्थमाला; 49 | ||
| 650 |
_aसंस्कृत साहित्य _9158776 |
||
| 942 |
_hO15,3:gN, 152P8 _cTEXL _2CC |
||
| 999 |
_c295968 _d295968 |
||